Every Song by the Darkness - Statistics

General Stats
  • This quiz has been taken 7 times
    3 since last reset
  • The average score is 14 of 117
Answer Stats
Album Song % Correct
Permission to Land(2003) I Believe in a Thing Called Love
100%
Easter Is Cancelled(2019) Easter Is Cancelled
67%
Last of Our Kind(2015) Last of Our Kind
67%
Motorheart(2021) Motorheart
67%
One Way Ticket to Hell... and Back(2005) One Way Ticket
67%
Pinewood Smile(2017) All the Pretty Girls
33%
One Way Ticket to Hell... and Back(2005) Bald
33%
Last of Our Kind(2015) Barbarian
33%
Permission to Land(2003) Black Shuck
33%
Hot Cakes(2012) Concrete
33%
Easter Is Cancelled(2019) Deck Chair
33%
One Way Ticket to Hell... and Back(2005) Dinner Lady Arms
33%
Permission to Land(2003) Friday Night
33%
One Way Ticket to Hell... and Back(2005) Girlfriend
33%
Permission to Land(2003) Growing on Me
33%
Last of Our Kind(2015) Hammer & Tongs
33%
One Way Ticket to Hell... and Back(2005) Hazel Eyes
33%
Easter Is Cancelled(2019) Heavy Metal Lover
33%
Dreams on Toast(2025) I Hate Myself
33%
Easter Is Cancelled(2019) In Another Life
33%
Motorheart(2021) Jussy's Girl
33%
Easter Is Cancelled(Bonus)(2019) Laylow
33%
Permission to Land(2003) Love Is Only a Feeling
33%
Last of Our Kind(Bonus)(2015) Messenger
33%
Last of Our Kind(2015) Mighty Wings
33%
Last of Our Kind(2015) Open Fire
33%
Easter Is Cancelled(2019) Rock and Roll Deserves to Die
33%
Dreams on Toast(2025) Rock and Roll Party Cowboy
33%
Pinewood Smile(Bonus)(2017) Rock in Space
33%
Last of Our Kind(2015) Sarah O'Sarah
33%
Pinewood Smile(2017) Solid Gold
33%
Motorheart(2021) Sticky Situations
33%
Dreams on Toast(2025) The Battle for Gadget Land
33%
Hot Cakes(Bonus)(2012) The Horn
33%
Dreams on Toast(2025) The Longest Kiss
33%
Dreams on Toast(2025) Walking Through Fire
33%
Easter Is Cancelled(2019) We Are the Guitar Men
33%
Last of Our Kind(Bonus)(2015) Always Had the Blues
0%
Permission to Land(Bonus)(2003) Bareback
0%
One Way Ticket to Hell... and Back(2005) Blind Man
0%
Pinewood Smile(2017) Buccaneers of Hispaniola
0%
Hot Cakes(Bonus)(2012) Cannonball
0%
Easter Is Cancelled(2019) Choke on It
0%
Permission to Land(2003) Christmas Time (Don't Let the Bells End)
0%
Dreams on Toast(2025) Cold Hearted Woman
0%
Easter Is Cancelled(Bonus)(2019) Confirmation Bias
0%
Last of Our Kind(2015) Conquerors
0%
Permission to Land(Bonus)(2003) Curse of the Tollund Man
0%
Easter Is Cancelled(Bonus)(2019) Dancing House
0%
Easter Is Cancelled(Bonus)(2019) Different Eyes
0%
Dreams on Toast(2025) Don't Need Sunshine
0%
Motorheart(2021) Eastbound
0%
One Way Ticket to Hell... and Back(2005) English Country Garden
0%
Hot Cakes(2012) Everybody Have a Good Time
0%
Hot Cakes(2012) Every Inch of You
0%
Hot Cakes(2012) Forbidden Love
0%
Permission to Land(2003) Get Your Hands off My Woman
0%
Permission to Land(2003) Givin' Up
0%
One Way Ticket to Hell... and Back(Bonus)(2005) Grief Hammer
0%
Pinewood Smile(2017) Happiness
0%
Easter Is Cancelled(2019) Heart Explodes
0%
Permission to Land(2003) Holding My Own
0%
Dreams on Toast(2025) Hot on My Tail
0%
Easter Is Cancelled(2019) How Can I Lose Your Love
0%
Permission to Land(Bonus)(2003) How Dare You Call This Love?
0%
Last of Our Kind(Bonus)(2015) I Am Santa
0%
Hot Cakes(Bonus)(2012) I Can't Believe It's Not Love
0%
Permission to Land(Bonus)(2003) I Had a Dream
0%
Permission to Land(Bonus)(2003) I Love You 5 Times
0%
Permission to Land(Bonus)(2003) I Need You
0%
One Way Ticket to Hell... and Back(2005) Is It Just Me?
0%
Motorheart(Bonus)(2021) It's a Love Thang (You Wouldn't Understand)
0%
Motorheart(2021) It's Love, Jim
0%
Pinewood Smile(2017) I Wish I Was in Heaven
0%
Pinewood Smile(2017) Japanese Prisoner of Love
0%
Hot Cakes(2012) Keep Me Hangin' On
0%
One Way Ticket to Hell... and Back(2005) Knockers
0%
Pinewood Smile(2017) Lay Down with Me, Barbara
0%
Easter Is Cancelled(2019) Live 'Til I Die
0%
Hot Cakes(2012) Living Each Day Blind
0%
Hot Cakes(2012) Love Is Not the Answer
0%
I Believe in a Thing Called Love(2002) | Permission to Land(2003) Love on the Rocks with No Ice
0%
Permission to Land(Bonus)(2003) Makin' Out
0%
Last of Our Kind(Bonus)(2015) Million Dollar Strong
0%
Dreams on Toast(2025) Mortal Dread
0%
Last of Our Kind(2015) Mudslide
0%
Motorheart(2021) Nobody Can See Me Cry
0%
Hot Cakes(2012) Nothing's Gonna Stop Us
0%
Permission to Land(Bonus)(2003) Out of My Hands
0%
Hot Cakes(Bonus)(2012) Pat Pong Ladies
0%
Permission to Land(Bonus)(2003) Physical Sex
0%
Permission to Land(Bonus)(2003) Planning Permission
0%
Pinewood Smile(Bonus)(2017) Rack of Glam
0%
Last of Our Kind(2015) Roaring Waters
0%
Pinewood Smile(Bonus)(2017) Seagulls (Losing My Virginity)
0%
One Way Ticket to Hell... and Back(2005) Seemed Like a Good Idea at the Time
0%
One Way Ticket to Hell... and Back(Bonus)(2005) Shake (Like a Lettuce Leaf)
0%
Hot Cakes(2012) She Just a Girl, Eddie
0%
One Way Ticket to Hell... and Back(Bonus)(2005) Shit Ghost
0%
Motorheart(Bonus)(2021) So Long
0%
Pinewood Smile(2017) Southern Trains
0%
Motorheart(2021) Speed of the Nite Time
0%
Pinewood Smile(2017) Stampede of Love
0%
Permission to Land(2003) Stuck in a Rut
0%
Easter Is Cancelled(Bonus)(2019) Sutton Hoo
0%
Motorheart(Bonus)(2021) The Age of Darkness
0%
Permission to Land(Bonus)(2003) The Best of Me
0%
Motorheart(2021) The Power and the Glory of Love
0%
Pinewood Smile(Bonus)(2017) Uniball
0%
One Way Ticket to Hell... and Back(Bonus)(2005) Wanker
0%
Dreams on Toast(2025) Weekend in Rome
0%
Motorheart(2021) Welcome Tae Glasgae
0%
Last of Our Kind(2015) Wheels of the Machine
0%
Pinewood Smile(2017) Why Don't the Beautiful Cry?
0%
Hot Cakes(2012) With a Woman
0%
Motorheart(Bonus)(2021) You Don't Have to Be Crazy About Me... But It Helps
0%
No matching quizzes found
Score Distribution
Percent of People with Each Score
Percentile by Number Answered
Your Score History
You have not taken this quiz since the last reset